Statistics for Alphabet lore quiz!

Click here to take the quiz!

General Stats

  • This quiz has been taken 20 times
  • The average score is 28 of 32

Answer Stats

HintAnswer% Correct
The butterflyB
100%
The biterC
100%
The revengeful oneF
100%
The longest wordFriends
100%
The brave oneG
100%
The ghostH
100%
The smallest letterI
100%
The first letter that diedJ
100%
The meanest letterL
100%
The scared oneR
100%
The snakeS
100%
The diggerT
100%
The ninjaX
100%
The biggest letterZ
100%
The first letter introducedA
83%
The vowelsAEIOU
83%
The first word spelledCab
83%
The second longest wordCoward
83%
The first letter that got kidnappedD
83%
The whacked oneE
83%
The bugK
83%
The superhero teamLMNOP
83%
The cowardN
83%
The second meanest letterO
83%
The nicest letterP
83%
The slugQ
83%
The shaky oneV
83%
The twinsW
83%
The dramatic oneY
83%
The vowel in "Gun"U
67%
The second word spelledMap
50%
The third word spelledGun
33%

Score Distribution

Percentile by Number Answered

Percent of People with Each Score

Your Score History

You have not taken this quiz